000 00996nam a22002537a 4500
005 20110728112413.0
008 110728t xxu||||| |||| 00| 0 mar d
010 _aMAR-21160
020 _c110.00
035 _aMR-13818
037 _bDPL/PUB
040 _aDPL
_bMR
082 _a307.772
100 _930273
_aजाधव,आनंद
245 _aभूक /
_bआनंद जाधव
246 _aBhukh
_bby Anand Jadhav
250 _aदुसरी आवृती
260 _aसांगली
_bप्रमोद प्रकाशन
_c2010
270 _aता. वाळवा जि. सांगली
_bसांगली
_e411038
300 _a123पृ.
_c21सेमी(अजिल्द)
_bसचित्र
700 _930338
942 _2ddc
_cMR
_h307.772
_mजाधव
999 _c54532
_d54532